000
00296nam a2200121Ia 4500
008
220204s9999 xx 000 0 und d
082
_a
NR:62:006.73
_b
SMR;4
245
0
_a
Routine SMR test methods
260
_a
Kuala Lumpur
_b
RRIM
700
_a
Annie Chin
700
_a
Lee Soh Hoong
942
_c
BK
999
_c
22402
_d
22402